[Event "IM"]
[Site "Balatonlelle HUN"]
[Date "2006.06.17"]
[Round "1"]
[White "Porat,I"]
[Black "Vas,P SWE"]
[Result "1/2-1/2"]
[WhiteElo "2346"]
[BlackElo "2168"]

1.d4 d5 2.c4 c6 3.Nf3 Nf6 4.e3 e6 5.Nc3 Nbd7 6.Qc2 Bd6 7.g4 Nxg4 8.Rg1 Nxh2
9.Nxh2 Bxh2 10.Rxg7 Nf8 11.Rg2 Bc7 12.e4 Ng6 13.e5 Nh4 14.Rg3 h5 15.Bh3 c5
16.cxd5 cxd4 17.Qa4+ Bd7 18.Qxd4 Bb6 19.Qf4 Nf5 20.Bxf5 exf5 21.e6 fxe6 22.Qe5 Rf8
23.Bh6 Qc7 24.d6 Qc5 25.Qxc5 Bxc5 26.Bxf8 Kxf8 27.Ke2 Rd8 28.Rag1 Kf7 29.Rg7+ Kf6
30.R1g6+ Ke5 31.Rg8 Rxg8 32.Rxg8 Kxd6 33.Rh8 b5 34.Rxh5 b4 35.Nd1 Bb5+ 36.Ke1 Ke5
37.Rh4 Bd4 38.b3 Bc6 39.Ne3 Bc3+ 40.Ke2 Bb5+ 41.Nc4+ Kd5 42.Kd3 e5 43.f3 Bd4
44.Rh5 Be8 45.Rg5 Bd7 46.Ne3+ Bxe3 47.Kxe3 f4+ 48.Kd2 Bb5 49.Rg8 a6 50.Rg1 Kd4
51.Re1 Bd3 52.Rh1 Bb5 53.Rh4 Bd3 54.Rh8 Bb5 55.Rd8+ Kc5 56.Ke1 Bc6 57.Kf2 Bb5
58.Rd2 Bc6 59.Rc2+ Kd5 60.Rc4 a5 61.Rc2 a4 62.bxa4 Bxa4  1/2-1/2

[Event "National Open"]
[Site "Las Vegas USA"]
[Date "2006.06.17"]
[Round "3"]
[White "Ftacnik,L"]
[Black "Ippolito,D"]
[Result "1-0"]
[WhiteElo "2597"]
[BlackElo "2413"]

1.d4 d5 2.c4 c6 3.Nf3 Nf6 4.Nc3 e6 5.e3 Nbd7 6.Qc2 Bd6 7.Bd3 O-O 8.O-O dxc4
9.Bxc4 b5 10.Be2 Bb7 11.Rd1 Qc7 12.e4 e5 13.Bg5 exd4 14.Rxd4 b4 15.Bxf6 Nxf6
16.Na4 Rfe8 17.Rad1 Bf8 18.Bd3 c5 19.Rxb4 Rad8 20.Rxb7 Qxb7 21.e5 Ne4 22.Re1 f5
23.Nc3 Nxc3 24.Qxc3 g6 25.Bc4+ Kh8 26.b3 Re7 27.h4 Bg7 28.h5 gxh5 29.Qe3 Qb6
30.Qg5 Rde8 31.e6 Qa5 32.Qxh5 Rf8 33.a4 Qc3 34.Rd1 Qf6 35.Ng5 Qg6 36.Nf7+ Kg8
37.Qe2 Rfe8 38.Rd3 Kf8 39.Ne5 Qf6 40.f4 Qh6 41.Qe3 Qh4 42.g3 Qh5 43.Qxc5 Bxe5
44.Qxe5 Kg8 45.Kg2 Qg6 46.Rd5 Rg7 47.Rd3 h5 48.Re3 h4 49.Bb5 Ree7 50.Bd3 hxg3
51.Bxf5 Qh5 52.Bh7+ Rxh7 53.Rxg3+ Kf8 54.Qf6+ Rhf7 55.exf7 Qe2+ 56.Kh3 Qh5+
57.Qh4 Qf5+ 58.Qg4 Qh7+ 59.Kg2 Qc2+ 60.Kh3 Qh7+ 61.Qh4 Qf5+ 62.Kh2 Re2+ 63.Rg2 Rxg2+
64.Kxg2 Qd5+ 65.Kh2 Qxb3 66.Qh7 Qa2+ 67.Kg3 Qb3+ 68.Kh4 Ke7 69.Qg8 Qxf7 70.Qxf7+ Kxf7
71.Kg5 Kg7 72.a5 a6 73.Kf5 Kf7 74.Ke5 Ke7 75.Kd5 Kf6 76.Kc6 Kf5 77.Kb7 Kxf4
78.Kxa6 Ke5 79.Kb7  1-0

[Event "Open A"]
[Site "Balatonlelle HUN"]
[Date "2006.06.18"]
[Round "2"]
[White "Almasi,I"]
[Black "Schlegl,O"]
[Result "1-0"]
[WhiteElo "2440"]
[BlackElo "2130"]

1.d4 d5 2.c4 c6 3.e3 Nf6 4.Nc3 e6 5.Nf3 Nbd7 6.Bd3 dxc4 7.Bxc4 b5 8.Bd3 Bb7
9.e4 b4 10.Na4 c5 11.e5 Nd5 12.O-O cxd4 13.Nxd4 Nxe5 14.Bb5+ Nd7 15.Re1 Rc8
16.Qh5 g6 17.Qh3 a6 18.Bg5 Be7 19.Bxe7 Nxe7 20.Bxd7+ Qxd7 21.Nxe6 fxe6 22.Nb6 Qc6
23.Rxe6 Qc1+ 24.Re1 Qc6 25.Nxc8 Bxc8 26.Qh4 Qb7 27.Rac1 Bf5 28.Qf6 Rf8 29.Qe5  1-0

[Event "Aerosvit GM"]
[Site "Foros UKR"]
[Date "2006.06.18"]
[Round "2"]
[White "Mamedyarov,S"]
[Black "Shirov,A"]
[Result "1/2-1/2"]
[WhiteElo "2699"]
[BlackElo "2699"]

1.d4 d5 2.c4 c6 3.Nc3 Nf6 4.e3 e6 5.Nf3 Nbd7 6.Qc2 Bd6 7.Bd3 O-O 8.O-O e5
9.cxd5 cxd5 10.e4 dxe4 11.Nxe4 Nxe4 12.Bxe4 h6 13.Be3 exd4 14.Bh7+ Kh8 15.Bxd4 Nf6
16.Bf5 Qa5 17.Bxc8 Rfxc8 18.Qb1 Nh7 19.Qe4 Ng5 20.Bxg7+ Kxg7 21.Qd4+ Kg8
22.Qxd6 Nxf3+ 23.gxf3 Qf5 24.Rad1 Rc6 25.Qd5 Qxd5 26.Rxd5 Rc2 27.Rb5 b6 28.a4  1/2-1/2

[Event "National Open"]
[Site "Las Vegas USA"]
[Date "2006.06.18"]
[Round "5"]
[White "Ftacnik,L"]
[Black "Almeida Saenz,A"]
[Result "1-0"]
[WhiteElo "2597"]
[BlackElo "2400"]

1.c4 Nf6 2.Nf3 e6 3.Nc3 d5 4.d4 c6 5.e3 Nbd7 6.Qc2 Bd6 7.Bd3 dxc4 8.Bxc4 e5
9.O-O O-O 10.h3 Qe7 11.Bb3 h6 12.Nh4 Re8 13.Nf5 Qf8 14.Bd2 exd4 15.exd4 Nh7
16.Ne4 Bc7 17.Rae1 Rd8 18.Neg3 Nb6 19.Re7 Bxf5 20.Nxf5 Rd7 21.Bxf7+ Qxf7
22.Rxf7 Rxf7 23.Bb4 Nd5 24.Bd6 Re8 25.Nxh6+  1-0

[Event "National Open"]
[Site "Las Vegas USA"]
[Date "2006.06.18"]
[Round "6"]
[White "Almeida Saenz,A"]
[Black "Feinstein,M"]
[Result "1-0"]
[WhiteElo "2400"]
[BlackElo "2313"]

1.d4 d5 2.Nf3 c6 3.e3 Nf6 4.c4 e6 5.Nc3 Nbd7 6.Qc2 Bd6 7.g4 Nxg4 8.Rg1 Qf6
9.Rxg4 Qxf3 10.Rxg7 Nf8 11.Rg1 Bxh2 12.Be2 Qh3 13.Rf1 Ng6 14.Bd2 Bd6 15.O-O-O Qh4
16.f4 f5 17.Rh1 Qf6 18.Rh3 Bd7 19.Rdh1 Ne7 20.Bh5+ Kd8 21.c5 Bc7 22.Be1 Kc8
23.Bh4 Qf8 24.Qg2 b5 25.Rg3 Rg8 26.Rxg8 Nxg8 27.Rg1 Nf6 28.Bxf6 Qxf6 29.Qg8+ Kb7
30.Qxh7 Qd8 31.Rg7 Bc8 32.Nd1 a5 33.Nf2 Ra7 34.Nd3 Kb8 35.Rg8 Qh4 36.Qd7  1-0

[Event "Open A"]
[Site "Voronezh RUS"]
[Date "2006.06.19"]
[Round "7"]
[White "Guseva,O"]
[Black "Grigorian,V"]
[Result "1/2-1/2"]
[WhiteElo "2247"]
[BlackElo "2330"]

1.d4 d5 2.c4 c6 3.Nf3 Nf6 4.Nc3 e6 5.e3 Nbd7 6.Qc2 Bd6 7.Be2 O-O 8.O-O Re8
9.Rd1 Qc7 10.c5 Bf8 11.e4 Nxe4 12.Nxe4 dxe4 13.Qxe4 e5 14.b4 Nf6 15.Qc2 exd4
16.Rxd4 Bf5 17.Qxf5 Rxe2 18.Qd3 Ree8 19.Bf4 Qc8 20.Be5 Nd5 21.Ng5 g6 22.f4 Bg7
23.Bxg7 Kxg7 24.Rf1 Qf5 25.Qxf5 gxf5 26.b5 Re2 27.Rf2 Re1+ 28.Rf1 Re2 29.Rf2 Re1+  1/2-1/2

[Event "Aerosvit GM"]
[Site "Foros UKR"]
[Date "2006.06.20"]
[Round "4"]
[White "Mamedyarov,S"]
[Black "Ivanchuk,V"]
[Result "0-1"]
[WhiteElo "2699"]
[BlackElo "2731"]

1.d4 d5 2.c4 c6 3.Nc3 Nf6 4.e3 e6 5.Nf3 Nbd7 6.Qc2 Bd6 7.Bd3 O-O 8.O-O dxc4
9.Bxc4 a6 10.Ne4 Nxe4 11.Qxe4 Qe7 12.Bb3 e5 13.dxe5 Nxe5 14.Nd4 c5 15.Nf5 Bxf5
16.Qxf5 c4 17.Bc2 g6 18.Qe4 Rfd8 19.f4 Nd3 20.Qxc4 Nxc1 21.Raxc1 Qxe3+ 22.Kh1 Rac8
23.Qb3 Qd2 24.f5 Rc7 25.fxg6 hxg6 26.Qf3 Rdd7 27.Qg4 Kg7 28.Rfd1 Qh6 29.h3 Be5
30.Rb1 Rxd1+ 31.Bxd1 Qe3 32.Bb3 Rc1+ 33.Rxc1 Qxc1+ 34.Qd1 Qxb2 35.Kg1 Bd4+
36.Kh1 Qf2 37.a4 b5 38.axb5 axb5 39.Bd5 Be5 40.Bb3 f5 41.Bd5 b4 42.Bb3 Kh7
43.Bd5 Kh6 44.Qc1+ Bf4 45.Qd1 Kg5 46.Bb3 Kh4 47.Bf7 g5 48.Bb3 Qg3 49.Kg1 Qh2+
50.Kf1 Qh1+ 51.Kf2 Bg3+ 52.Kf3 g4+ 53.hxg4 fxg4+ 54.Ke3 Qxg2 55.Bd5 Qb2  0-1

[Event "20th Open"]
[Site "Pula CRO"]
[Date "2006.06.20"]
[Round "3"]
[White "Ekeberg,C"]
[Black "Bhat,V"]
[Result "1/2-1/2"]
[WhiteElo "2272"]
[BlackElo "2409"]

1.Nf3 Nf6 2.c4 e6 3.Nc3 d5 4.d4 c6 5.e3 Nbd7 6.Qc2 a6 7.b3 Bd6 8.Bd3 e5 9.cxd5 cxd5
10.dxe5 Nxe5 11.Nxe5 Bxe5 12.Bb2 Bd7 13.Ne2 Rc8 14.Qd2 Bd6 15.h3 O-O 16.O-O Qe7
17.Rac1 Bc7 18.Rfd1 Rfe8 19.Bb1 Bc6 20.Nd4 Qd6 21.Nf3 Ne4 22.Bxe4 Rxe4 23.Qc3 Qg6
24.Qd3 Rce8 25.Nd2 Qd6 26.Nf1 Qg6 27.f3 Bb5 28.Qc2 R4e7 29.Qxg6 hxg6 30.Bd4 Be5  1/2-1/2

[Event "20th Open"]
[Site "Pula CRO"]
[Date "2006.06.20"]
[Round "3"]
[White "Elbilia,J"]
[Black "Pavasovic,D"]
[Result "0-1"]
[WhiteElo "2333"]
[BlackElo "2534"]

1.d4 d5 2.c4 e6 3.Nc3 c6 4.e3 Nf6 5.Nf3 Nbd7 6.b3 Bb4 7.Bd2 O-O 8.a3 Bd6
9.c5 Bc7 10.b4 e5 11.Be2 Ne4 12.Nxe4 dxe4 13.Ng1 Qg5 14.g3 Nf6 15.Qc2 Bg4
16.Bc4 exd4 17.exd4 Qf5 18.Be3 Nd5 19.Bxd5 Qxd5 20.h3 Be6 21.Ne2 a5 22.Kd2 axb4
23.axb4 Bxh3 24.Nc3 Qe6 25.Qxe4 Qxe4 26.Nxe4 Bg2 27.Rxa8 Rxa8 28.Rh4 Bd8
29.Rf4 g5 30.Nf6+ Kg7 31.Nh5+ Kg6 32.g4 gxf4 33.Nxf4+  0-1

[Event "Open A"]
[Site "Voronezh RUS"]
[Date "2006.06.21"]
[Round "9"]
[White "Gleizerov,E"]
[Black "Belozerov,A"]
[Result "1/2-1/2"]
[WhiteElo "2562"]
[BlackElo "2538"]

1.d4 d5 2.c4 c6 3.Nf3 Nf6 4.Nc3 e6 5.e3 Nbd7 6.Bd3 dxc4 7.Bxc4 b5 8.Be2 Bb7
9.e4 b4 10.e5 bxc3 11.exf6 Nxf6 12.bxc3 Bd6 13.Nd2 O-O 14.Rb1 Rb8 15.Nc4 c5
16.O-O Nd5 17.Rb3 Be7 18.Ne5 Ba8 19.c4 Rxb3 20.Qxb3 Nf6 21.dxc5 Bxc5 22.Nd3 Bd4
23.Rd1 Ne4 24.Bb2 Qf6 25.Bf3 Bxb2 26.Bxe4 Bd4 27.Bxa8 Rxa8 28.c5 e5 29.Qb7 Re8
30.c6 e4 31.c7 exd3 32.c8=Q Qxf2+ 33.Kh1 Qe2 34.Qxe8+ Qxe8 35.Qd5 Bb6 36.Qxd3 g6
37.g3 h5  1/2-1/2

[Event "Open A"]
[Site "Voronezh RUS"]
[Date "2006.06.21"]
[Round "9"]
[White "Sergienko,S"]
[Black "Matsenko,S"]
[Result "1/2-1/2"]
[WhiteElo "2456"]
[BlackElo "2364"]

1.d4 d5 2.c4 c6 3.e3 Nf6 4.Nc3 e6 5.Nf3 Nbd7 6.Qc2 Bd6 7.Be2 O-O 8.O-O dxc4
9.Bxc4 b5 10.Be2 Bb7 11.Rd1 Qc7 12.Bd2 a6 13.Rac1 c5 14.dxc5 Qxc5  1/2-1/2

[Event "IM"]
[Site "Balatonlelle HUN"]
[Date "2006.06.24"]
[Round "8"]
[White "Rombaldoni,D"]
[Black "Vas,P SWE"]
[Result "1-0"]
[WhiteElo "2322"]
[BlackElo "2168"]

1.d4 d5 2.c4 c6 3.Nf3 Nf6 4.Nc3 e6 5.e3 Nbd7 6.Qc2 Bd6 7.g4 h6 8.Bd2 Qe7
9.h3 b6 10.cxd5 exd5 11.Bd3 Bb7 12.O-O-O O-O-O 13.Nh4 g6 14.f4 Kb8 15.Nf3 c5
16.Nb5 c4 17.Qa4 a5 18.Nxd6 Qxd6 19.Bc2 Bc6 20.Qa3 Qxa3 21.bxa3 Ne4 22.Bxe4 dxe4
23.Ne5 Bd5 24.h4 h5 25.g5 Nxe5 26.fxe5 Rc8 27.Bc3 Kb7 28.Rhf1 Rc6 29.Kd2 Ka6
30.a4 Rd8 31.Rb1 Rd7 32.Rb5 Re6 33.Rfb1 Re8 34.Rxb6+  1-0

[Event "White Nights Open"]
[Site "St Petersburg RUS"]
[Date "2006.06.24"]
[Round "2"]
[White "Gnidenko,A"]
[Black "Meiling,Y"]
[Result "1-0"]
[WhiteElo "2095"]
[BlackElo "1974"]

1.d4 d5 2.c4 c6 3.Nc3 Nf6 4.e3 e6 5.Nf3 Nbd7 6.Bd3 dxc4 7.Bxc4 b5 8.Bd3 Bb7
9.O-O a6 10.e4 c5 11.Re1 cxd4 12.Nxd4 Bc5 13.Nb3 O-O 14.e5 Nd5 15.Qg4 Re8
16.Nxc5 Nxc5 17.Bg5 Qd7 18.Rad1 Qc7 19.Ne4 Nxe4 20.Bxe4 Ne7 21.Rc1 Qd7 22.Red1 Nd5
23.Bxd5 Bxd5 24.Bf6 g6 25.Qg5  1-0

[Event "White Nights Open"]
[Site "St Petersburg RUS"]
[Date "2006.06.25"]
[Round "3"]
[White "Shimanov,A"]
[Black "Aseeva,M"]
[Result "1-0"]
[WhiteElo "2300"]
[BlackElo "2131"]

1.d4 d5 2.c4 c6 3.Nc3 Nf6 4.Nf3 e6 5.e3 Nbd7 6.Qc2 Bd6 7.g4 h6 8.Rg1 e5 9.cxd5 exd4
10.Nxd4 Ne5 11.dxc6 bxc6 12.Be2 Nfxg4 13.Bxg4 Bxg4 14.Rxg4 Nxg4 15.Qe4+ Ne5
16.Nxc6 f5 17.Qd5 Nxc6 18.Qxc6+ Kf8 19.Bd2 Rb8 20.Nb5 Be7 21.Nd4 Qd6 22.Qc4 g6
23.Bc3 Rh7 24.O-O-O Qb6 25.Ne6+ Ke8 26.Ng5 hxg5 27.Qg8+ Bf8 28.Qxh7 Qc6 29.Qxa7 Ra8
30.Qd4 Rxa2 31.Qd8+ Kf7 32.Rd7+  1-0

[Event "FINEC Rector Cup"]
[Site "St Petersburg RUS"]
[Date "2006.06.26"]
[Round "1"]
[White "Brodsky,M"]
[Black "Vitiugov,N"]
[Result "1/2-1/2"]
[WhiteElo "2561"]
[BlackElo "2550"]

1.d4 d5 2.c4 c6 3.Nc3 Nf6 4.Nf3 e6 5.e3 Nbd7 6.Qc2 Bd6 7.Bd3 O-O 8.O-O dxc4
9.Bxc4 a6 10.a4 Qe7 11.h3 c5 12.dxc5  1/2-1/2

[Event "Suduroy International"]
[Site "Vagur AUT"]
[Date "2006.06.27"]
[Round "4"]
[White "Simonsen,H"]
[Black "Rodgaard,J"]
[Result "1/2-1/2"]
[WhiteElo "2295"]
[BlackElo "2344"]

1.d4 d5 2.c4 c6 3.Nf3 Nf6 4.Nc3 e6 5.e3 Nbd7 6.Qc2 b6 7.Be2 Bb7 8.O-O Be7
9.Rd1 Qc7 10.b3 O-O 11.Bb2 Rfd8 12.Rac1 Rac8 13.Qb1 Qb8 14.h3 h6 15.Bd3 c5
16.cxd5 Nxd5 17.Nxd5 Bxd5 18.e4 Bb7  1/2-1/2

[Event "ch-CHN w"]
[Site "Wuxi CHN"]
[Date "2006.06.27"]
[Round "3"]
[White "Ju Wenjun"]
[Black "Ruan Lufei"]
[Result "1/2-1/2"]
[WhiteElo "2330"]
[BlackElo "2370"]

1.d4 d5 2.c4 c6 3.Nc3 Nf6 4.e3 e6 5.Nf3 Nbd7 6.Bd3 dxc4 7.Bxc4 b5 8.Bd3 a6
9.e4 c5 10.d5 c4 11.Bc2 Qc7 12.O-O Bb7 13.dxe6 fxe6 14.Ng5 Nc5 15.Qf3 e5
16.Be3 h6 17.Bxc5 hxg5 18.Bxf8 Kxf8 19.Rad1 g4 20.Qg3 Rh5 21.f3 gxf3 22.Rxf3 Rd8
23.Rff1 Kf7 24.Nd5 Bxd5 25.exd5 Rh6 26.Kh1 Kg8 27.Rfe1  1/2-1/2

[Event "34th World Open"]
[Site "Philadelphia USA"]
[Date "2006.06.28"]
[Round "1"]
[White "Zenyuk,I"]
[Black "Habu,Y"]
[Result "0-1"]
[WhiteElo "2215"]
[BlackElo "2382"]

1.d4 d5 2.Nf3 Nf6 3.c4 e6 4.Nc3 c6 5.e3 Nbd7 6.Bd3 dxc4 7.Bxc4 b5 8.Bd3 Bb7
9.e4 b4 10.Na4 c5 11.e5 Nd5 12.O-O cxd4 13.Re1 g6 14.Bg5 Qa5 15.Nd2 Bc6 16.Nc4 Bxa4
17.Nxa5 Bxd1 18.Raxd1 h6 19.Bd2 Rc8 20.Nb7 Rb8 21.Nd6+ Ke7 22.f4 Bg7 23.Be4 f6
24.Bxd5 fxe5 25.Bxe6 Kxe6 26.Nc4 Kd5 27.Nxe5 Nxe5 28.fxe5 Bxe5 29.g3 h5 30.Re2 Rhe8
31.Kg2 Bd6 32.Be3 Bc5 33.Kf3 Rf8+ 34.Bf4 Rbe8 35.h4 a5 36.Rde1 Rxe2 37.Rxe2 Bd6
38.a3 bxa3 39.bxa3 a4 40.Rb2 Bxf4 41.gxf4 Rc8 42.Rb5+ Rc5 43.Rb6 Rc3+ 44.Ke2 Rxa3
45.Rxg6 Ke4 46.f5 Ra2+ 47.Kd1 Kxf5 48.Rg5+ Ke4 49.Rxh5 a3  0-1

[Event "34th World Open"]
[Site "Philadelphia USA"]
[Date "2006.06.28"]
[Round "1"]
[White "Hansen,LB"]
[Black "Bierkens,P"]
[Result "0-1"]
[WhiteElo "2560"]
[BlackElo "2232"]

1.d4 d5 2.Nf3 c6 3.c4 Nf6 4.Nc3 e6 5.e3 Nbd7 6.Qc2 Bd6 7.b3 O-O 8.Be2 dxc4
9.bxc4 Re8 10.O-O e5 11.Rd1 exd4 12.exd4 Nf8 13.h3 Ng6 14.Bd3 Nf4 15.Bxf4 Bxf4
16.Bf5 Qa5 17.Bxc8 Raxc8 18.a4 g6 19.Rab1 Re7 20.Re1 Rce8 21.Rxe7 Rxe7 22.c5 Qd8
23.Qb3 Qd7 24.Rd1 Qf5 25.Qb1 Qxb1 26.Rxb1 Kf8 27.g3 Bb8 28.a5 a6 29.d5 Ba7
30.d6 Re8 31.Na4 Re4 32.Rxb7 Rxa4 33.Rxa7 Rxa5 34.g4 Rxc5 35.g5 Ne4 36.Ra8+ Kg7
37.d7  0-1

[Event "34th World Open"]
[Site "Philadelphia USA"]
[Date "2006.06.29"]
[Round "2"]
[White "Gagunashvili,M"]
[Black "Cheng,X"]
[Result "0-1"]
[WhiteElo "2560"]
[BlackElo "2270"]

1.d4 d5 2.c4 c6 3.Nf3 Nf6 4.Nc3 e6 5.e3 Nbd7 6.Bd3 dxc4 7.Bxc4 b5 8.Bd3 a6
9.e4 c5 10.e5 cxd4 11.Nxb5 axb5 12.exf6 gxf6 13.O-O Qb6 14.Be4 Bb7 15.Bxb7 Qxb7
16.Nxd4 Bc5 17.Qf3 Qxf3 18.Nxf3 Ke7 19.Bd2 Ne5 20.Rfc1 Nxf3+ 21.gxf3 Bd6
22.Rc3 Rhc8 23.Rb3 Rc2 24.Bb4 Rg8+ 25.Kf1 Bxb4 26.Rxb4 Rd8 27.Rxb5 Rdd2 28.Rh5 Rxf2+
29.Kg1 Rxb2 30.a4 Rxf3 31.Rxh7 Rff2 32.Rh4 Ra2 33.Rb1 f5 34.Rb7+ Kf6 35.Rh7 Rg2+
36.Kh1 Rg7 37.Rxg7 Kxg7 38.Ra7 f4 39.a5 e5 40.a6 e4 41.Re7 e3 42.a7 f3  0-1

[Event "34th World Open"]
[Site "Philadelphia USA"]
[Date "2006.06.30"]
[Round "3"]
[White "Hansen,LB"]
[Black "Schneider,Ig"]
[Result "1-0"]
[WhiteElo "2560"]
[BlackElo "2384"]

1.d4 d5 2.Nf3 c6 3.c4 e6 4.e3 Nf6 5.Nc3 Nbd7 6.Qc2 Bd6 7.b3 O-O 8.Be2 b6
9.O-O Bb7 10.Bb2 Qe7 11.Rad1 Rfe8 12.Rfe1 Rac8 13.e4 dxe4 14.Nxe4 Ba3 15.Nxf6+ Nxf6
16.Bxa3 Qxa3 17.c5 Ba6 18.Bxa6 Qxa6 19.Ne5 b5 20.Re3 Qb7 21.Rh3 Qe7 22.b4 Red8
23.a4 a6 24.axb5 axb5 25.Ra3 Qb7 26.Rda1 Ra8 27.Qa2 Rxa3 28.Qxa3 Nd5 29.h4 h6
30.g3 Ne7 31.Qa7 Rb8 32.Qxb7 Rxb7 33.Ra8+ Kh7 34.Nxf7 g6 35.Nd8  1-0

[Event "Masters"]
[Site "Marseille FRA"]
[Date "2006.07.01"]
[Round "2"]
[White "Housieaux,D"]
[Black "Brunner,N"]
[Result "0-1"]
[WhiteElo "2360"]
[BlackElo "2407"]

1.d4 d5 2.c4 c6 3.Nc3 Nf6 4.e3 e6 5.Nf3 Nbd7 6.Bd3 dxc4 7.Bxc4 b5 8.Bd3 Bd6
9.O-O O-O 10.Ne2 a6 11.e4 e5 12.Ng3 exd4 13.Nf5 Ne5 14.Nxd6 Qxd6 15.Nxe5 Qxe5
16.f4 Qc7 17.f5 Re8 18.Bf4 Qb6 19.e5 Nd5 20.Bg3 f6 21.Qh5 Bb7 22.Rae1 c5
23.Re4 fxe5 24.Bxe5 Nf6 25.Bxf6 Bxe4 26.Bxg7 Bxd3 27.f6 Bxf1 28.Qg5 Bd3 29.h4 Re1+
30.Kh2 Qd6+ 31.g3 Qe6  0-1

[Event "34th World Open"]
[Site "Philadelphia USA"]
[Date "2006.07.01"]
[Round "4"]
[White "Jussupow,Ar"]
[Black "Ippolito,D"]
[Result "1/2-1/2"]
[WhiteElo "2608"]
[BlackElo "2413"]

1.d4 d5 2.c4 c6 3.Nc3 Nf6 4.e3 e6 5.Nf3 Nbd7 6.Bd3 dxc4 7.Bxc4 b5 8.Bd3 Bb7
9.e4 b4 10.Na4 c5 11.e5 Nd5 12.O-O cxd4 13.Re1 g6 14.Bg5 Qa5 15.Nd2 Ba6 16.Nc4 Bxc4
17.Bxc4 Bg7 18.Qxd4 Qxa4 19.Bxd5 exd5 20.Qxd5 Nb6 21.Qd6 Qd7 22.Qxb4 Bf8
23.Qh4 Bg7 24.Rad1 Qa4 25.Rd4 Qxa2 26.Be7 Qe6 27.Bb4 Bf8 28.Qf6 Rg8 29.Rd6 Qf5
30.Rxb6 Qxf6 31.exf6+ Kd7 32.Rb7+ Kc6 33.Rbe7 Bxe7 34.fxe7 Rgb8 35.Ba3 Kd7
36.g4 Rb5 37.Kg2  1/2-1/2

[Event "II Balazs-Diak Cup U-18"]
[Site "Balatonlelle HUN"]
[Date "2006.07.02"]
[Round "2"]
[White "Nagy,Ar"]
[Black "Berki,F"]
[Result "0-1"]
[WhiteElo "1927"]
[BlackElo "2046"]

1.d4 d5 2.c4 c6 3.Nf3 Nf6 4.Nc3 e6 5.e3 a6 6.c5 Nbd7 7.Bd3 Be7 8.b4 O-O 9.Bb2 Qc7
10.Ne2 Re8 11.Ne5 Nxe5 12.dxe5 Ng4 13.Nf4 f5 14.exf6 Bxf6 15.Bxf6 Nxf6 16.Nh5 Rf8
17.O-O Qf7 18.Ng3 e5 19.Be2 Be6 20.f4 exf4 21.exf4 Rae8 22.f5 Bd7 23.Bd3 Re5
24.a4 Rfe8 25.b5 axb5 26.axb5 cxb5 27.Rb1 Qe7 28.Bxb5 Qxc5+  0-1

[Event "ch-CHN"]
[Site "Wuxi CHN"]
[Date "2006.07.02"]
[Round "7"]
[White "Zhao Jun"]
[Black "Zhang Pengxiang"]
[Result "0-1"]
[WhiteElo "2525"]
[BlackElo "2623"]

1.d4 d5 2.c4 c6 3.Nf3 Nf6 4.Nc3 e6 5.e3 Nbd7 6.Qc2 Bd6 7.b3 O-O 8.Be2 dxc4
9.bxc4 e5 10.O-O Re8 11.Bb2 exd4 12.exd4 Nf8 13.h3 Ng6 14.Rfe1 Be6 15.Bf1 Qa5
16.c5 Bf4 17.g3 Bh6 18.Ne5 Qc7 19.f4 Ne7 20.Qf2 g6 21.g4 Bg7 22.Bd3 Nfd5
23.f5 f6 24.Nxg6 Nxg6 25.Nxd5 Bxd5 26.fxg6 Rxe1+ 27.Rxe1 hxg6 28.Bxg6 Bxa2
29.Bc1 Bf7 30.Bf4 Qd7 31.Bf5 Qd5 32.Re7 Rd8 33.Rxb7 a5 34.Ra7 Qb3 35.Rxa5 Bf8
36.Kh2 Qb4 37.Bd2 Qb3 38.Be3 Qb4 39.Ra1 Re8 40.Bd2 Qb8+ 41.Bf4 Qb4 42.Rd1 Bd5
43.Rd2 Qc4 44.Rc2 Qa6 45.Be3 Qa1 46.Rc1 Qa3 47.Re1 Rb8 48.Bc1 Qc3 49.Bd2 Rb2
50.Re2 Qc4 51.Re8 Qc3 52.Re2 Qc4 53.Re8 Qa2 54.Re2 Bh6 55.Re8+ Kf7 56.Qe1 Rxd2+  0-1

[Event "Masters"]
[Site "Marseille FRA"]
[Date "2006.07.03"]
[Round "4"]
[White "Housieaux,D"]
[Black "Savchenko,S"]
[Result "0-1"]
[WhiteElo "2360"]
[BlackElo "2495"]

1.d4 d5 2.c4 c6 3.Nc3 Nf6 4.e3 e6 5.Nf3 Nbd7 6.Bd3 dxc4 7.Bxc4 b5 8.Bd3 Bb7
9.e4 b4 10.Na4 c5 11.e5 Nd5 12.O-O cxd4 13.Re1 Be7 14.Nxd4 O-O 15.Qg4 Re8
16.Bh6 Bf8 17.Nb5 a6 18.Nd4 Rc8 19.Rad1 Qa5 20.b3 Nc3 21.Nxc3 bxc3 22.Qg3 g6
23.Bxf8 Nxf8 24.Bc2 Red8 25.a4 Rd5 26.f4 Rcd8 27.Qf2 Qb4 28.Ne2 Rd2 29.Qe3 Rxd1  0-1

[Event "Pivdenny Bank Geller Mem"]
[Site "Odessa UKR"]
[Date "2006.07.03"]
[Round "5"]
[White "Zhukova,N"]
[Black "Drozdovskij,Y"]
[Result "1/2-1/2"]
[WhiteElo "2425"]
[BlackElo "2550"]

1.d4 d5 2.c4 c6 3.Nc3 Nf6 4.e3 e6 5.Nf3 a6 6.b3 Bb4 7.Bd2 Qe7 8.Bd3 Nbd7
9.O-O e5 10.dxe5 Nxe5 11.Nxe5 Qxe5 12.f4 Qe7 13.cxd5 cxd5 14.Qf3 O-O 15.a3 Bxa3
16.Nxd5 Nxd5 17.Qxd5 Rd8 18.Qc4 Be6 19.Qc2 Rac8 20.Qb1 Bc5 21.Kh1 f5 22.Ba5 b6
23.Bc3 Bxe3 24.Be5 Bd4 25.Bxd4 Rxd4 26.Bxf5 Bxf5 27.Qxf5 Rf8 28.Qc2 a5 29.f5 Qd6
30.Rae1 h6 31.h3 Qd5 32.Rf3 Rd2 33.Qc7 Rd1 34.Rxd1 Qxd1+ 35.Kh2 Qd4 36.Rf4 Qf6
37.b4 a4 38.b5 a3 39.Rg4 a2 40.Qc4+ Qf7 41.Qxf7+ Rxf7 42.Ra4 Rxf5 43.Rxa2 Rxb5
44.Ra7 h5 45.h4 Rb2 46.Rb7 b5 47.Kg3 Kh7 48.Rb6 Rb3+ 49.Kf4 Rb4+ 50.Kf3 Rb2
51.g3 b4 52.Kf4 Rb3 53.g4 hxg4 54.Kxg4 Rb1 55.Kg3 b3 56.Kg2 g6 57.Rb7+ Kh6
58.Rb5 b2 59.Kh2 Kg7 60.Rb6 Kf7 61.Kg2 Ke7 62.Kh2 Kd7 63.Kg2 Kc7 64.Rb3 Kc6
65.Rb8 Kd5 66.Kh2 Ke4 67.Kg2 Ke5  1/2-1/2

[Event "34th World Open"]
[Site "Philadelphia USA"]
[Date "2006.07.03"]
[Round "7"]
[White "Ippolito,D"]
[Black "Kleiman,J"]
[Result "1/2-1/2"]
[WhiteElo "2413"]
[BlackElo "2292"]

1.d4 d5 2.c4 c6 3.Nc3 Nf6 4.e3 e6 5.Nf3 Nbd7 6.Bd3 dxc4 7.Bxc4 b5 8.Bd3 Bd6
9.O-O O-O 10.Bd2 Bb7 11.Rc1 Rc8 12.Ne2 b4 13.e4 c5 14.e5 Bxf3 15.exd6 Bd5
16.dxc5 Nxc5 17.Bxb4 Qb6 18.Ba3 h6 19.Nc3 Rfd8 20.Nxd5 Nxd5 21.Qc2 Nb4 22.Bxb4 Qxb4
23.Ba6 Rc6 24.a3 Qb6 25.b4 Rdxd6 26.bxc5 Qxa6 27.cxd6 Rxc2 28.Rxc2 Qxd6 29.Rc3 g5
30.h3 Kg7 31.Rb1 Kg6 32.Rf3 h5 33.Rb7 f5 34.Rxa7 h4 35.Rb7 Qd1+ 36.Kh2 Qd6+
37.Kg1 Qd1+ 38.Kh2 Qd6+ 39.g3 hxg3+ 40.Rxg3 Qd4 41.Re3 Qd6+ 42.Rg3 Qd4 43.Re3 Qd6+
44.Kg1 Qd1+ 45.Kh2  1/2-1/2

[Event "56th ch-RUS w Top League"]
[Site "Orel RUS"]
[Date "2006.07.04"]
[Round "6"]
[White "Shaidullina,S"]
[Black "Sudakova,I"]
[Result "0-1"]
[WhiteElo "2293"]
[BlackElo "2391"]

1.d4 d5 2.c4 e6 3.Nc3 c6 4.e3 Nf6 5.Nf3 Nbd7 6.Qc2 Bd6 7.g4 dxc4 8.Bxc4 e5
9.g5 Nd5 10.Ne4 Bc7 11.Bd2 exd4 12.Nxd4 Ne5 13.Be2 Bh3 14.O-O-O Qe7 15.Rhg1 O-O-O
16.f4 Ng6 17.Rg3 Bd7 18.Nc5 Kb8 19.Nxd7+ Rxd7 20.Nf5 Qf8 21.Bc3 Nb4 22.Qb3 Rxd1+
23.Kxd1 Qc5 24.Bxb4 Qxf5 25.Bd3 Rd8 26.Kc2 Qd7 27.Bd2 Nf8 28.Rg2 Ne6 29.Bf5 Nd4+
30.exd4 Qxf5+ 31.Qd3 Qd5 32.Re2 Qxa2 33.Bc3 a5 34.Re7 g6 35.f5 Qd5 36.fxg6 hxg6
37.Qf1 Rd7 38.Re8+ Ka7 39.Qh3 a4 40.Qh8 Rd8 41.Rxd8 Bxd8 42.h4 Qe4+ 43.Kc1 Bc7
44.Bd2 Bb6 45.Bc3 Bc7 46.Bd2 Qd3 47.Qf6 Qc4+ 48.Kb1 b5 49.Qe7 Kb8 50.Bc3 Qd5
51.Qe8+ Kb7 52.Qe7 Qh1+ 53.Ka2 Qxh4 54.Qxf7 Qxg5 55.Ka1 Qc1+ 56.Ka2 Qc2 57.Qe7 Qb3+
58.Ka1 Qd5 59.Ba5 Qd6 60.Qg7 b4 61.Bxc7 Qxc7 62.Qf8 b3 63.Qb4+ Qb6 64.Qe7+ Ka6
65.Qe8 Qb5 66.Qa8+ Kb6 67.Qd8+ Kb7 68.Qd7+ Ka6 69.Qc8+ Ka5 70.Qc7+ Kb4 71.Qe7+ Kc4
72.Qe3 Qf5 73.Qc3+ Kb5 74.Qe1 Qc2 75.Qf1+ Qc4 76.Qg1 a3 77.Qd1 axb2+ 78.Kxb2 Qc2+
79.Qxc2  0-1

[Event "34th World Open"]
[Site "Philadelphia USA"]
[Date "2006.07.04"]
[Round "9"]
[White "Ibragimov,I"]
[Black "Vescovi,G"]
[Result "1-0"]
[WhiteElo "2637"]
[BlackElo "2622"]

1.d4 d5 2.c4 c6 3.Nc3 Nf6 4.Nf3 e6 5.e3 Bd6 6.Bd3 Nbd7 7.Bd2 O-O 8.O-O dxc4
9.Bxc4 a6 10.a4 c5 11.Qe2 b6 12.Rfd1 Bb7 13.h3 Qc7 14.Ba2 Rac8 15.Be1 cxd4
16.Nxd4 Nc5 17.b4 Nce4 18.Rac1 Qe7 19.b5 Nc5 20.f3 Nfd7 21.e4 Be5 22.Qe3 Rfd8
23.f4 Bxd4 24.Rxd4 axb5 25.axb5 Nf6 26.e5 Rxd4 27.Qxd4 Nd5 28.Nxd5 Bxd5 29.Bxd5 Rd8
30.Bb4 Rxd5 31.Bxc5 bxc5 32.Qa4 g5 33.b6 gxf4 34.Rb1 Rd8 35.Qxf4 Rb8 36.Rb3 Qd8
37.Rg3+ Kf8 38.Qh6+ Ke7 39.Qg5+ Ke8 40.Qg8+ Ke7 41.Qg5+ Ke8 42.Qf4 Qd1+ 43.Kh2 Rxb6
44.Rg8+ Kd7 45.Qxf7+ Kc6 46.Qxe6+ Kb5 47.Qe8+ Kb4 48.Qe7 Qd5 49.Rg4+ Kb5
50.Qe8+ Rc6 51.Rg7 Qe4 52.Rb7+ Kc4 53.Qf7+ Qd5 54.Qf1+ Qd3 55.Qa1 Qc2 56.Rb2 Qc3
57.Qa2+ Kd4 58.Rc2 Qb4 59.Rd2+ Ke3 60.Re2+ Kd4 61.e6  1-0

[Event "34th World Open"]
[Site "Philadelphia USA"]
[Date "2006.07.04"]
[Round "9"]
[White "Mohota,N"]
[Black "Revesz,Z"]
[Result "1-0"]
[WhiteElo "2314"]
[BlackElo "2161"]

1.d4 d5 2.c4 c6 3.Nc3 Nf6 4.e3 e6 5.Nf3 Nbd7 6.Bd3 dxc4 7.Bxc4 b5 8.Be2 a6
9.O-O c5 10.d5 exd5 11.Nxd5 Bb7 12.Nxf6+ Qxf6 13.e4 Ne5 14.Nxe5 Qxe5 15.Qb3 Bd6
16.f4 Qd4+ 17.Kh1 Bxe4 18.Be3 Qf6 19.Rac1 Qg6 20.Rf2 Qf5 21.Qd1 Be7 22.Bg4 Qd5
23.Rd2 Qb7 24.Bd7+ Kf8 25.Bxc5 Bxc5 26.Rxc5 Rd8 27.Bh3 Re8 28.Rd8  1-0